| 000 | 00644nam a2200217 a 4500 | ||
|---|---|---|---|
| 005 | 20210223130156.0 | ||
| 008 | 060303s2002 mx 000 0 spa d | ||
| 020 | _a968860626X | ||
| 035 | _aUPN01000149835 | ||
| 049 | _aCG | ||
| 050 | 4 |
_aPZ77 _bT4.2 |
|
| 245 | 0 | 0 |
_aTeatro de humor para jóvenes / _cpról. y selec. Dante del Castillo. |
| 260 |
_aMéxico : _bPax-México : _c2002. |
||
| 300 | _a198 p. | ||
| 440 | 0 | _aTeatro vivo contemporáneo | |
| 650 | 4 |
_aTEATRO JUVENIL _910343 |
|
| 650 | 4 |
_aTEATRO - _vARGUMENTOS, TRAMAS, ETC. _913666 |
|
| 650 | 4 |
_aCOMEDIA ESPAÑOLA _99748 |
|
| 700 | 1 |
_aCastillo, Dante del, _ecomp. |
|
| 905 | _aLibro | ||
| 999 |
_c121976 _d121976 |
||